[Event "Olomouc IM-A 24th"]
[Site "Olomouc"]
[Date "2023.08.19"]
[Round "9"]
[White "Bokhnak, Timofey"]
[Black "Plischki, Sebastian"]
[Result "0-1"]
[WhiteElo "2197"]
[BlackElo "2319"]
[PlyCount "92"]
[EventDate "2023.08.12"]
[EventType "tourn"]
[EventRounds "9"]
[EventCountry "CZE"]
[SourceTitle "CBM 215 Extra"]
[Source "ChessBase"]
[SourceDate "2023.09.30"]
[SourceVersion "1"]
[SourceVersionDate "2023.09.30"]
[SourceQuality "1"]

1. e4 e5 2. Nf3 Nc6 3. Bb5 a6 4. Ba4 Nf6 5. d3 d6 6. c3 g6 7. 0-0 Bg7 8. Nbd2 0-0 9. Re1 h6 10. Nf1 b5 11. Bc2 Nb8 12. a4 Bb7 13. Ne3 Nbd7 14. b4 Re8 15. Bb3 c6 16. c4 Qb8 17. Bb2 a5 18. cxb5 axb4 19. Qd2 Nc5 20. Qxb4 cxb5 21. Bc2 bxa4 22. Ba3 Nfd7 23. Nd2 Bc6 24. Qc3 Qc7 25. Ndc4 Reb8 26. Reb1 h5 27. Rxb8+ Rxb8 28. Bb4 Bf8 29. Na5 Bb5 30. Nd5 Qd8 31. h3 Qg5 32. Nc4 Bc6 33. Nde3 Ne6 34. Bxd6 Nd4 35. Bd1 Rb3 36. Qd2 Bxd6 37. Nxd6 Nc5 38. Rc1 Rxd3 39. Qe1 Ncb3 40. Rc3 Nd2 41. Kh1 Rxc3 42. Qxd2 Rc5 43. Qb4 Ne6 44. Qb8+ Qd8 45. Nc8 Bxe4 46. Ne7+ Kf8 0-1

[Event "Olomouc IM-A 24th"]
[Site "Olomouc"]
[Date "2023.08.15"]
[Round "5"]
[White "Bokhnak, Timofey"]
[Black "Degenhard, Simon"]
[Result "1-0"]
[WhiteElo "2197"]
[BlackElo "2242"]
[PlyCount "69"]
[EventDate "2023.08.12"]
[EventType "tourn"]
[EventRounds "9"]
[EventCountry "CZE"]
[SourceTitle "CBM 215 Extra"]
[Source "ChessBase"]
[SourceDate "2023.09.30"]
[SourceVersion "1"]
[SourceVersionDate "2023.09.30"]
[SourceQuality "1"]

1. e4 c5 2. Nf3 d6 3. Bb5+ Nd7 4. 0-0 a6 5. Bxd7+ Bxd7 6. c3 g6 7. d4 cxd4 8. cxd4 Bg7 9. Nc3 Nf6 10. e5 dxe5 11. dxe5 Ng4 12. Qe2 Bc6 13. e6 f6 14. Rd1 Qc7 15. Nd5 Bxd5 16. Rxd5 0-0 17. Rd7 Qb6 18. h3 Ne5 19. Nxe5 fxe5 20. Rxe7 Rae8 21. Be3 Qc6 22. Rd7 Rxe6 23. Qd1 Rf7 24. Rd8+ Re8 25. Rc1 Qe6 26. Rd6 Qxa2 27. b3 e4 28. Qd5 Qb2 29. Rd7 Qf6 30. Rcc7 Ref8 31. Rxf7 Rxf7 32. Rc8+ Bf8 33. Bh6 Qxf2+ 34. Kh2 Kh8 35. Qxf7 1-0

[Event "Olomouc IM-A 24th"]
[Site "Olomouc"]
[Date "2023.08.13"]
[Round "2"]
[White "Bokhnak, Timofey"]
[Black "Biolek, Richard"]
[Result "1-0"]
[WhiteElo "2197"]
[BlackElo "2373"]
[PlyCount "47"]
[EventDate "2023.08.12"]
[EventType "tourn"]
[EventRounds "9"]
[EventCountry "CZE"]
[SourceTitle "CBM 215 Extra"]
[Source "ChessBase"]
[SourceDate "2023.09.30"]
[SourceVersion "1"]
[SourceVersionDate "2023.09.30"]
[SourceQuality "1"]

1. e4 e5 2. Nf3 Nc6 3. Bb5 Nf6 4. d3 d6 5. c3 Be7 6. 0-0 0-0 7. Nbd2 a6 8. Ba4 b5 9. Bc2 Re8 10. a4 Bb7 11. Re1 Bf8 12. Nf1 h6 13. Ne3 d5 14. axb5 axb5 15. Rxa8 Bxa8 16. Nxd5 Nxd5 17. exd5 Qxd5 18. d4 e4 19. Nd2 e3 20. Rxe3 Nxd4 21. Be4 Rxe4 22. Nxe4 Nb3 23. Nf6+ gxf6 24. Rg3+ 1-0

[Event "Olomouc IM-A 24th"]
[Site "Olomouc"]
[Date "2023.08.13"]
[Round "3"]
[White "Kwon, Sehyun"]
[Black "Bokhnak, Timofey"]
[Result "1-0"]
[WhiteElo "2274"]
[BlackElo "2197"]
[PlyCount "52"]
[EventDate "2023.08.12"]
[EventType "tourn"]
[EventRounds "9"]
[EventCountry "CZE"]
[SourceTitle "CBM 215 Extra"]
[Source "ChessBase"]
[SourceDate "2023.09.30"]
[SourceVersion "1"]
[SourceVersionDate "2023.09.30"]
[SourceQuality "1"]

1. d4 d5 2. Nf3 Nf6 3. g3 c5 4. Bg2 cxd4 5. 0-0 Nc6 6. Nxd4 e5 7. Nxc6 bxc6 8. c4 Be6 9. Qa4 Qb6 10. Nc3 0-0-0 11. cxd5 cxd5 12. Bg5 Kb8 13. Rfd1 d4 14. Ne4 Be7 15. b4 Bd5 16. Bxf6 gxf6 17. Rac1 Ka8 18. Nc5 Bxg2 19. Kxg2 Rc8 20. Na6 Rhd8 21. b5 Kb7 22. f3 Qe6 23. Rc6 Qd5 24. Rdc1 Bd6 25. Nb4 Qe6 26. Qa6+ Kb8 1-0

[Event "Teplice op"]
[Site "Teplice"]
[Date "2023.06.13"]
[Round "4"]
[White "Low, Zhen Yu Cyrus"]
[Black "Bokhnak, Timofey"]
[Result "1-0"]
[WhiteElo "2427"]
[BlackElo "2154"]
[PlyCount "49"]
[EventDate "2023.06.10"]
[EventType "swiss"]
[EventRounds "9"]
[EventCountry "CZE"]
[SourceTitle "CBM 214 Extra"]
[Source "ChessBase"]
[SourceDate "2023.07.31"]
[SourceVersion "1"]
[SourceVersionDate "2023.07.31"]
[SourceQuality "1"]

1. e4 c6 2. d4 d5 3. exd5 cxd5 4. Bd3 Nc6 5. c3 Qc7 6. h3 Nf6 7. Nf3 g6 8. Qc2 Bg7 9. 0-0 0-0 10. Be3 Nh5 11. Re1 Nf4 12. Bf1 e5 13. Qd2 Ne6 14. dxe5 Nxe5 15. Nxe5 Bxe5 16. Qxd5 Bd7 17. Na3 Bc6 18. Qb3 Rad8 19. Nb5 Qa5 20. Nxa7 Nc5 21. Nxc6 Nxb3 22. Nxa5 Nxa1 23. Rxa1 Rd7 24. Nb3 Rfd8 25. Bd4 1-0

[Event "CZE-ch Amateur"]
[Site "Hluk"]
[Date "2023.05.10"]
[Round "8"]
[White "Bokhnak, Timofey"]
[Black "Martirosyan, David"]
[Result "1-0"]
[WhiteElo "2182"]
[BlackElo "1928"]
[PlyCount "51"]
[EventDate "2023.05.06"]
[EventType "swiss"]
[EventRounds "9"]
[EventCountry "CZE"]
[SourceTitle "CBM 214 Extra"]
[Source "ChessBase"]
[SourceDate "2023.07.31"]
[SourceVersion "1"]
[SourceVersionDate "2023.07.31"]
[SourceQuality "1"]

1. e4 e5 2. Nc3 Nf6 3. d4 exd4 4. Qxd4 Nc6 5. Qd3 Bb4 6. Bd2 d6 7. 0-0-0 0-0 8. f3 Be6 9. Qe3 Ne5 10. g4 Bc5 11. Qf4 Bf2 12. Nh3 Ng6 13. Qg5 Bc5 14. Be1 c6 15. Bf2 h6 16. Qd2 Bb4 17. a3 Bc5 18. Bg3 Ne5 19. Be2 b5 20. b4 Nc4 21. Bxc4 Bxc4 22. bxc5 d5 23. g5 hxg5 24. Qxg5 Qa5 25. Nb1 dxe4 26. Be5 1-0

[Event "CZE-ch Amateur"]
[Site "Hluk"]
[Date "2023.05.10"]
[Round "7"]
[White "Hladky, Tadeas"]
[Black "Bokhnak, Timofey"]
[Result "1/2-1/2"]
[WhiteElo "2031"]
[BlackElo "2182"]
[PlyCount "79"]
[EventDate "2023.05.06"]
[EventType "swiss"]
[EventRounds "9"]
[EventCountry "CZE"]
[SourceTitle "CBM 214 Extra"]
[Source "ChessBase"]
[SourceDate "2023.07.31"]
[SourceVersion "1"]
[SourceVersionDate "2023.07.31"]
[SourceQuality "1"]

1. e4 e6 2. d4 d5 3. Nd2 c5 4. exd5 Qxd5 5. Ngf3 cxd4 6. Bc4 Qd7 7. 0-0 Nc6 8. Nb3 a6 9. Nbxd4 Nxd4 10. Nxd4 Qc7 11. Bd3 Bd6 12. h3 Nf6 13. c3 0-0 14. Bg5 Bh2+ 15. Kh1 Be5 16. Re1 h6 17. Nf3 Bxc3 18. Rc1 hxg5 19. Rxc3 Qb6 20. Qd2 Bd7 21. Rb3 Qd8 22. Nxg5 Bc6 23. Qf4 Qd5 24. f3 Rfd8 25. Qh4 Qd4 26. f4 Bd5 27. Rc3 Rac8 28. Rd1 Qb6 29. Rxc8 Rxc8 30. b3 Qe3 31. Bh7+ Kf8 32. Bd3 Ke7 33. f5 Rh8 34. Qxh8 Qxg5 35. Rg1 Qg3 36. Bb1 e5 37. Bc2 a5 38. a3 b5 39. b4 a4 40. Bb1 1/2-1/2

[Event "CZE-ch Amateur"]
[Site "Hluk"]
[Date "2023.05.06"]
[Round "2"]
[White "Bokhnak, Timofey"]
[Black "Molnar, Jiri"]
[Result "1-0"]
[WhiteElo "2182"]
[BlackElo "1875"]
[PlyCount "79"]
[EventDate "2023.05.06"]
[EventType "swiss"]
[EventRounds "9"]
[EventCountry "CZE"]
[SourceTitle "CBM 214 Extra"]
[Source "ChessBase"]
[SourceDate "2023.07.31"]
[SourceVersion "1"]
[SourceVersionDate "2023.07.31"]
[SourceQuality "1"]

1. e4 d5 2. exd5 Qxd5 3. d4 Nf6 4. Nf3 Bg4 5. Nbd2 e6 6. c3 Be7 7. Bc4 Qd8 8. Qb3 Qc8 9. 0-0 0-0 10. h3 Bxf3 11. Nxf3 c6 12. Re1 b5 13. Bxe6 Qc7 14. Ng5 Bd6 15. Bf5 Nbd7 16. Bd2 Nb6 17. Qc2 h6 18. Ne4 Nxe4 19. Rxe4 Nd5 20. Re2 Rfe8 21. Rae1 Nf6 22. Rxe8+ Rxe8 23. Rxe8+ Nxe8 24. Qe4 Nf6 25. Qf3 Nd5 26. Bd3 a6 27. Qf5 g6 28. Qe4 Nf6 29. Qf3 Kg7 30. Bxh6+ Kxh6 31. Qxf6 Kh7 32. Be4 Kg8 33. b4 Qd7 34. a3 Qc7 35. h4 Qd7 36. g3 Qc7 37. Kg2 Qd7 38. Qf3 Qe6 39. Bxc6 Qb3 40. Bd5 1-0

[Event "EU-ch Blitz"]
[Site "Katowice"]
[Date "2022.12.16"]
[Round "4"]
[White "Bokhnak, Timofey"]
[Black "Kacprzak, Kacper"]
[Result "0-1"]
[WhiteElo "2096"]
[BlackElo "2289"]
[PlyCount "74"]
[EventDate "2022.12.16"]
[EventType "swiss (blitz)"]
[EventRounds "22"]
[EventCountry "POL"]
[SourceTitle "CBM 211 Extra"]
[Source "ChessBase"]
[SourceDate "2023.01.31"]
[SourceVersion "1"]
[SourceVersionDate "2023.01.31"]
[SourceQuality "1"]

1. e4 c5 2. c3 Nf6 3. e5 Nd5 4. Bc4 Nb6 5. Bb3 Nc6 6. Nf3 c4 7. Bc2 d5 8. exd6 e6 9. 0-0 Bxd6 10. b3 cxb3 11. axb3 e5 12. Re1 0-0 13. Na3 h6 14. Qe2 Be6 15. Bb2 f5 16. Nb5 Bb8 17. Nbd4 Nxd4 18. Nxd4 Bd7 19. Nf3 e4 20. Nd4 Be5 21. Qe3 Rc8 22. d3 Nd5 23. Qd2 Bf4 24. Qd1 e3 25. Qf3 exf2+ 26. Qxf2 Bb8 27. c4 Nb4 28. Bb1 Qg5 29. Nf3 Qf4 30. Bc3 Nc6 31. d4 Rce8 32. d5 Rxe1+ 33. Qxe1 Re8 34. Qf2 Qc1+ 35. Be1 Ne5 36. Nxe5 Bxe5 37. Rxa7 Bd4 0-1

[Event "EU-ch Blitz"]
[Site "Katowice"]
[Date "2022.12.16"]
[Round "3"]
[White "Kacprzak, Kacper"]
[Black "Bokhnak, Timofey"]
[Result "1/2-1/2"]
[WhiteElo "2289"]
[BlackElo "2096"]
[PlyCount "172"]
[EventDate "2022.12.16"]
[EventType "swiss (blitz)"]
[EventRounds "22"]
[EventCountry "POL"]
[SourceTitle "CBM 211 Extra"]
[Source "ChessBase"]
[SourceDate "2023.01.31"]
[SourceVersion "1"]
[SourceVersionDate "2023.01.31"]
[SourceQuality "1"]

1. e4 e5 2. Nf3 Nc6 3. Bb5 a6 4. Ba4 Nf6 5. 0-0 b5 6. Bb3 Bb7 7. d3 Bc5 8. a4 b4 9. a5 0-0 10. Nbd2 d6 11. Nc4 Nd4 12. Nxd4 Bxd4 13. Be3 d5 14. exd5 Qxd5 15. f3 Bxe3+ 16. Nxe3 Qc5 17. Qd2 Nd5 18. Bxd5 Bxd5 19. Qf2 Be6 20. Rfe1 Rad8 21. b3 f6 22. Nd1 Qb5 23. Nb2 Rd4 24. Re4 Rfd8 25. h3 Qc5 26. Rxd4 Rxd4 27. Nd1 Qc6 28. Ne3 Qc3 29. Re1 Qc5 30. Ra1 Qc3 31. Qe1 Qc5 32. Kh1 Qc6 33. Qd2 f5 34. Qe2 e4 35. dxe4 fxe4 36. f4 Qc3 37. Rd1 c5 38. f5 Bf7 39. Qxa6 h6 40. Qe2 Rxd1+ 41. Nxd1 Qa1 42. a6 c4 43. bxc4 Qxa6 44. Qxe4 Bxc4 45. Ne3 Bf7 46. Kh2 Qe2 47. Qf4 Qd2 48. Kg3 Qe1+ 49. Qf2 Qc3 50. Qf3 Qe5+ 51. Qf4 Qc3 52. Kh2 Kh7 53. Qe4 Qc7+ 54. Kh1 Qc3 55. f6+ Bg6 56. Qb7 Qxf6 57. Qxb4 Qf2 58. Qc3 Be4 59. Kh2 Qf4+ 60. Kg1 Qg3 61. Qd2 Qf4 62. c3 Qg5 63. Nc4 Qc5+ 64. Ne3 Qg5 65. Nc4 Qc5+ 66. Qd4 Qf5 67. Nd2 Bc6 68. c4 Qg5 69. Qd3+ Kh8 70. Qe2 Qc5+ 71. Qf2 Qg5 72. Nf3 Qf4 73. c5 Qc1+ 74. Kh2 Qf4+ 75. Qg3 Qe3 76. Qb8+ Kh7 77. Qb1+ Kh8 78. Qf5 Bxf3 79. Qf8+ Kh7 80. Qf5+ Kh8 81. Qc8+ Kh7 82. Qf5+ Kh8 83. Qxf3 Qxc5 84. h4 Qd6+ 85. g3 Kh7 86. Qe4+ Kh8 1/2-1/2

[Event "CZE-chT2E 2223"]
[Site "Czech Republic"]
[Date "2022.12.04"]
[Round "4.3"]
[White "Bokhnak, Timofey"]
[Black "Wunsch, Radek"]
[Result "1/2-1/2"]
[WhiteElo "2096"]
[BlackElo "1986"]
[PlyCount "37"]
[EventDate "2022.10.16"]
[EventType "team-tourn"]
[EventRounds "11"]
[EventCountry "CZE"]
[SourceTitle "EXT 2024"]
[Source "ChessBase"]
[SourceDate "2023.10.10"]
[SourceVersion "1"]
[SourceVersionDate "2023.10.10"]
[SourceQuality "1"]
[WhiteTeam "Grygov"]
[BlackTeam "Brno Lokomotiva"]
[WhiteTeamCountry "CZE"]
[BlackTeamCountry "CZE"]

1. e4 Nc6 2. d4 e5 3. dxe5 Nxe5 4. Nc3 Bc5 5. Be2 d6 6. Nf3 Ne7 7. Bg5 Be6 8. Bh4 f6 9. 0-0 0-0 10. Nd4 Bf7 11. Kh1 d5 12. exd5 Nxd5 13. Ne4 Bb6 14. Bg3 Re8 15. c3 Qd7 16. Bxe5 Rxe5 17. Ng3 Rd8 18. Bg4 Qe8 19. Qc2 1/2-1/2

[Event "Olomouc op 23rd"]
[Site "Olomouc"]
[Date "2022.08.18"]
[Round "7"]
[White "Jordanov, Mihail"]
[Black "Bokhnak, Timofey"]
[Result "1-0"]
[WhiteElo "2094"]
[BlackElo "2106"]
[PlyCount "103"]
[EventDate "2022.08.13"]
[EventType "swiss"]
[EventRounds "9"]
[EventCountry "CZE"]
[SourceTitle "CBM 209 Extra"]
[Source "ChessBase"]
[SourceDate "2022.09.30"]
[SourceVersion "1"]
[SourceVersionDate "2022.09.30"]
[SourceQuality "1"]

1. e4 e6 2. d4 d5 3. e5 c5 4. c3 Nc6 5. Nf3 Qb6 6. Bd3 Bd7 7. 0-0 cxd4 8. Re1 dxc3 9. Nxc3 Nb4 10. Be3 Bc5 11. Bxc5 Qxc5 12. Bf1 Ne7 13. Rc1 Qb6 14. a3 Nbc6 15. Bd3 Ng6 16. g3 0-0 17. h4 f6 18. Bxg6 hxg6 19. Nxd5 exd5 20. Qxd5+ Rf7 21. e6 Bxe6 22. Qxe6 Ne5 23. Rc8+ Kh7 24. Qxb6 Nxf3+ 25. Kf1 axb6 26. Rxa8 Nxe1 27. Kxe1 Rc7 28. Ra4 Kh6 29. Rb4 Rc6 30. Rb5 Rd6 31. Ke2 f5 32. Re5 Rc6 33. Kd3 Rd6+ 34. Ke3 Rc6 35. Re8 g5 36. hxg5+ Kxg5 37. Re7 g6 38. Kf3 Rc2 39. b4 Rc3+ 40. Kg2 Rxa3 41. Rxb7 Kg4 42. Rxb6 g5 43. Rb8 f4 44. gxf4 gxf4 45. Rg8+ Kf5 46. b5 Rb3 47. Rb8 Ke6 48. b6 Kd7 49. b7 Kc7 50. Rf8 Kxb7 51. Rxf4 Kc7 52. Rd4 1-0

[Event "Pardubice Czech op-A 33rd"]
[Site "Pardubice"]
[Date "2022.07.26"]
[Round "5"]
[White "Smolik, Jachym"]
[Black "Bokhnak, Timofey"]
[Result "1-0"]
[WhiteElo "2291"]
[BlackElo "2098"]
[PlyCount "57"]
[EventDate "2022.07.22"]
[EventType "swiss"]
[EventRounds "9"]
[EventCountry "CZE"]
[SourceTitle "CBM 209 Extra"]
[Source "ChessBase"]
[SourceDate "2022.09.30"]
[SourceVersion "1"]
[SourceVersionDate "2022.09.30"]
[SourceQuality "1"]

1. d4 Nf6 2. c4 e6 3. Nc3 d5 4. Nf3 Be7 5. cxd5 exd5 6. Bf4 c6 7. e3 Bf5 8. Nh4 Be6 9. Bd3 Ne4 10. Nf3 Nd6 11. 0-0 Nd7 12. h3 0-0 13. Qc2 h6 14. Ne5 Nf6 15. Na4 Nde4 16. f3 Nd6 17. Nc5 Qc8 18. g4 g5 19. Bg3 h5 20. Rf2 Kg7 21. Rg2 Rh8 22. Nxe6+ Qxe6 23. Bf5 Nxf5 24. gxf5 Qc8 25. Bh4 Ng4 26. hxg4 gxh4 27. g5 Bd8 28. f6+ Kf8 29. Qc5+ 1-0

[Event "Prague Golden Blitz op 17th"]
[Site "Prague"]
[Date "2022.07.16"]
[Round "9"]
[White "Bokhnak, Timofey"]
[Black "Hajiyev, Kanan"]
[Result "0-1"]
[WhiteElo "2043"]
[BlackElo "2084"]
[PlyCount "102"]
[EventDate "2022.07.16"]
[EventType "swiss (blitz)"]
[EventRounds "11"]
[EventCountry "CZE"]
[SourceTitle "CBM 209 Extra"]
[Source "ChessBase"]
[SourceDate "2022.09.30"]
[SourceVersion "1"]
[SourceVersionDate "2022.09.30"]
[SourceQuality "1"]

1. e4 c6 2. d4 d5 3. exd5 cxd5 4. Bd3 Nc6 5. c3 Qc7 6. Ne2 Bg4 7. 0-0 e6 8. Qe1 Bd6 9. f3 Bh5 10. Qh4 Bg6 11. Bxg6 fxg6 12. Re1 Nf6 13. Nf4 Bxf4 14. Bxf4 Qd7 15. Qh3 Kf7 16. Nd2 Nh5 17. Be5 Rae8 18. Re3 Nxe5 19. Rxe5 Rhf8 20. Nb3 b6 21. Qg4 Kg8 22. Rae1 Rf4 23. Qh3 Rf6 24. Nc1 h6 25. Nd3 Qb5 26. Nb4 Nf4 27. Qg4 a5 28. g3 axb4 29. gxf4 bxc3 30. bxc3 Kh7 31. Rxe6 Rexe6 32. Rxe6 Qb1+ 33. Kf2 Qxa2+ 34. Kg3 Rxe6 35. Qxe6 Qc2 36. Qxd5 Qxc3 37. Qe5 b5 38. d5 b4 39. d6 Qxe5 40. fxe5 b3 41. d7 b2 42. d8Q b1Q 43. Qd4 Qf5 44. f4 g5 45. h3 h5 46. fxg5 Qxg5+ 47. Kf3 Qf5+ 48. Kg2 Qc2+ 49. Kg3 Qg6+ 50. Qg4 hxg4 51. hxg4 Qe4 0-1

[Event "Prague Golden Blitz op 17th"]
[Site "Prague"]
[Date "2022.07.16"]
[Round "6"]
[White "Bokhnak, Timofey"]
[Black "Kharchenko, Michail"]
[Result "1-0"]
[WhiteElo "2043"]
[BlackElo "1837"]
[PlyCount "74"]
[EventDate "2022.07.16"]
[EventType "swiss (blitz)"]
[EventRounds "11"]
[EventCountry "CZE"]
[SourceTitle "CBM 209 Extra"]
[Source "ChessBase"]
[SourceDate "2022.09.30"]
[SourceVersion "1"]
[SourceVersionDate "2022.09.30"]
[SourceQuality "1"]

1. e4 c5 2. c3 Nf6 3. e5 Nd5 4. Bc4 Nb6 5. Bb3 Nc6 6. Nf3 d6 7. exd6 Qxd6 8. 0-0 c4 9. Bc2 Bg4 10. Na3 a6 11. b3 Ne5 12. Be4 f5 13. Bxb7 Ra7 14. Nxe5 Bxd1 15. Bc6+ Nd7 16. Naxc4 Qb8 17. Rxd1 g6 18. Nxd7 Rxd7 19. Ba3 Bg7 20. Re1 Bf6 21. d4 Qc7 22. Bxd7+ Qxd7 23. Ne5 Qc7 24. c4 0-0 25. Rad1 Rd8 26. Nf3 a5 27. h3 a4 28. Re3 axb3 29. axb3 Ra8 30. Bc5 Kf7 31. Rde1 Ra2 32. Ne5+ Kg8 33. Nd3 Kf7 34. Nb4 Ra7 35. Nd5 Qd8 36. Bxa7 Qa8 37. Nxf6 Kxf6 1-0

[Event "Prague Golden Blitz op 17th"]
[Site "Prague"]
[Date "2022.07.16"]
[Round "11"]
[White "RuaIcka, Alea"]
[Black "Bokhnak, Timofey"]
[Result "1-0"]
[WhiteElo "2139"]
[BlackElo "2043"]
[PlyCount "105"]
[EventDate "2022.07.16"]
[EventType "swiss (blitz)"]
[EventRounds "11"]
[EventCountry "CZE"]
[SourceTitle "CBM 209 Extra"]
[Source "ChessBase"]
[SourceDate "2022.09.30"]
[SourceVersion "1"]
[SourceVersionDate "2022.09.30"]
[SourceQuality "1"]

1. e4 e6 2. d4 d5 3. Nc3 dxe4 4. Nxe4 Nf6 5. Ng3 Be7 6. Nf3 0-0 7. Bd3 b6 8. 0-0 Bb7 9. c3 Nbd7 10. Qe2 c5 11. dxc5 Nxc5 12. Bc2 Qc7 13. Bg5 h6 14. Be3 Rfd8 15. Rfd1 Ng4 16. h3 Nxe3 17. Qxe3 Bd6 18. Ne4 Bf4 19. Qe2 Ba6 20. c4 Nd7 21. b3 Bb7 22. g3 Be5 23. Nxe5 Qxe5 24. Re1 Nf6 25. Nxf6+ Qxf6 26. Be4 Rab8 27. Rad1 Rd4 28. Bxb7 Rxb7 29. Rxd4 Qxd4 30. Rd1 Qf6 31. Qd3 Rc7 32. Qd8+ Qxd8 33. Rxd8+ Kh7 34. Kf1 f5 35. Ke2 Kg6 36. Ke3 Kf6 37. Kd4 Ke7 38. Rg8 Kf7 39. Ra8 Kf6 40. f4 Rd7+ 41. Kc3 e5 42. Rf8+ Ke6 43. Re8+ Kf6 44. Rxe5 Rd1 45. Rd5 Rh1 46. h4 Re1 47. Rd3 Ke6 48. Kb4 Ra1 49. a3 Re1 50. c5 Re4+ 51. Kb5 bxc5 52. Kxc5 Kf6 53. b4 1-0

[Event "Prague Futures 4th"]
[Site "Prague"]
[Date "2022.06.10"]
[Round "3"]
[White "Bokhnak, Timofey"]
[Black "Zelbova, Lada"]
[Result "1-0"]
[WhiteElo "2112"]
[BlackElo "1980"]
[PlyCount "65"]
[EventDate "2022.06.08"]
[EventType "tourn"]
[EventRounds "9"]
[EventCountry "CZE"]
[SourceTitle "CBM 208 Extra"]
[Source "ChessBase"]
[SourceDate "2022.07.31"]
[SourceVersion "1"]
[SourceVersionDate "2022.07.31"]
[SourceQuality "1"]

1. e4 c5 2. c3 Nf6 3. e5 Nd5 4. Bc4 Nb6 5. Bb3 Nc6 6. Nf3 d5 7. exd6 Qxd6 8. Na3 Be6 9. 0-0 c4 10. Bc2 0-0-0 11. b3 Bd5 12. Re1 Qf6 13. bxc4 Nxc4 14. Nxc4 Bxc4 15. d4 h6 16. Be4 Bd5 17. Bxd5 Rxd5 18. Qb3 Rd7 19. Bb2 e6 20. c4 Qf5 21. Red1 Bd6 22. d5 Ne5 23. Bxe5 Bxe5 24. Rab1 Bd6 25. Qb5 Rc7 26. c5 Bxc5 27. d6 Bxd6 28. Qxf5 Bxh2+ 29. Kxh2 exf5 30. Nd4 g6 31. Nb5 Re7 32. Nxa7+ Kc7 33. Rdc1+ 1-0

[Event "CZE-ch"]
[Site "Usti nad Labem"]
[Date "2022.05.17"]
[Round "4"]
[White "Sykora, Marek1111"]
[Black "Bokhnak, Timofey"]
[Result "1/2-1/2"]
[WhiteElo "2249"]
[BlackElo "2060"]
[PlyCount "111"]
[EventDate "2022.05.14"]
[EventType "swiss"]
[EventRounds "9"]
[EventCountry "CZE"]
[SourceTitle "CBM 208 Extra"]
[Source "ChessBase"]
[SourceDate "2022.07.31"]
[SourceVersion "1"]
[SourceVersionDate "2022.07.31"]
[SourceQuality "1"]

1. e4 c6 2. Nf3 d5 3. Nc3 dxe4 4. Nxe4 Nf6 5. Nxf6+ exf6 6. d4 Bd6 7. Bd3 0-0 8. 0-0 Bg4 9. h3 Bh5 10. c3 Qc7 11. Be3 Nd7 12. g4 Bg6 13. Nh4 Rfe8 14. Nf5 Bxf5 15. Bxf5 Nb6 16. Qf3 Nd5 17. c4 Nxe3 18. fxe3 c5 19. b3 Qe7 20. Rae1 cxd4 21. exd4 Qxe1 22. Rxe1 Rxe1+ 23. Kf2 Rae8 24. c5 Bh2 25. Bd3 Bg1+ 26. Kg2 Bxd4 27. Qd5 Bc3 28. Qxb7 R1e7 29. Qb5 g6 30. c6 Be5 31. Qc5 Kf8 32. a4 Rd8 33. Qc2 a5 34. Ba6 Bc7 35. Qc3 Rd6 36. Bb5 Re4 37. Qc5 Kg7 38. Bc4 Re5 39. Qa7 Re7 40. Qb7 Rd2+ 41. Kf1 Rd6 42. Qb5 Rd1+ 43. Kf2 Rd2+ 44. Kf3 Rd4 45. Qc5 Rd6 46. Qb5 h6 47. b4 axb4 48. Qxb4 Re5 49. Qb7 Rd4 50. Bb5 Re7 51. a5 Rf4+ 52. Kg2 Rb4 53. a6 Rb2+ 54. Kf1 Rb1+ 55. Kf2 Rb2+ 56. Kf1 1/2-1/2

[Event "CZE-ch Amateur"]
[Site "Luhacovice"]
[Date "2022.03.19"]
[Round "9"]
[White "Zvolensky, David"]
[Black "Bokhnak, Timofey"]
[Result "1/2-1/2"]
[WhiteElo "2159"]
[BlackElo "1978"]
[PlyCount "32"]
[EventDate "2022.03.12"]
[EventType "swiss"]
[EventRounds "9"]
[EventCountry "CZE"]
[SourceTitle "EXT 2023"]
[Source "ChessBase"]
[SourceDate "2022.10.05"]
[SourceVersion "1"]
[SourceVersionDate "2022.10.05"]
[SourceQuality "1"]

1. e4 c5 2. Nf3 e6 3. d4 cxd4 4. Nxd4 a6 5. Bd3 Ne7 6. c4 Nbc6 7. Nc2 g6 8. 0-0 Bg7 9. Nc3 0-0 10. Be2 f5 11. Bg5 Qa5 12. Bd2 Qc7 13. Rb1 b6 14. exf5 Nxf5 15. Bf3 Bb7 16. Ne3 Ne5 1/2-1/2

[Event "CZE-ch Amateur"]
[Site "Luhacovice"]
[Date "2022.03.14"]
[Round "3"]
[White "Jun, Rudolf Jr"]
[Black "Bokhnak, Timofey"]
[Result "1/2-1/2"]
[WhiteElo "2215"]
[BlackElo "1978"]
[PlyCount "79"]
[EventDate "2022.03.12"]
[EventType "swiss"]
[EventRounds "9"]
[EventCountry "CZE"]
[SourceTitle "EXT 2023"]
[Source "ChessBase"]
[SourceDate "2022.10.05"]
[SourceVersion "1"]
[SourceVersionDate "2022.10.05"]
[SourceQuality "1"]

1. b3 d5 2. Bb2 Nf6 3. e3 e6 4. Nf3 c5 5. c4 b6 6. Nc3 dxc4 7. bxc4 Bb7 8. d4 cxd4 9. exd4 Bb4 10. Be2 Ne4 11. Rc1 0-0 12. 0-0 Nxc3 13. Bxc3 Bxc3 14. Rxc3 Qf6 15. Ne5 Rd8 16. Bf3 Qe7 17. Bxb7 Qxb7 18. Qg4 Nc6 19. Rg3 g6 20. Qf3 Rac8 21. Ng4 f5 22. Nf6+ Kg7 23. Nh5+ Kf7 24. d5 exd5 25. Qf4 Qe7 26. Qh6 Kg8 27. Nf4 Nd4 28. Kh1 Rd6 29. Nxd5 Qf7 30. Re3 Re6 31. Rxe6 Nxe6 32. Qc1 b5 33. Re1 Rxc4 34. Qb2 Re4 35. Rxe4 fxe4 36. Nf6+ Kf8 37. Nxe4 Qg7 38. Qc1 Qe5 39. f3 Kg7 40. h3 1/2-1/2

[Event "Brno op 10th"]
[Site "Brno"]
[Date "2021.11.24"]
[Round "6"]
[White "Janous, Petr"]
[Black "Bokhnak, Timofey"]
[Result "0-1"]
[WhiteElo "1979"]
[BlackElo "1855"]
[PlyCount "106"]
[EventDate "2021.11.20"]
[EventType "swiss"]
[EventRounds "9"]
[EventCountry "CZE"]
[SourceTitle "CBM 205 Extra"]
[Source "ChessBase"]
[SourceDate "2022.01.31"]
[SourceVersion "1"]
[SourceVersionDate "2022.01.31"]
[SourceQuality "1"]

1. e4 c5 2. c3 Nf6 3. e5 Nd5 4. d4 cxd4 5. Nf3 Nc6 6. cxd4 d6 7. Bc4 e6 8. 0-0 Be7 9. a3 0-0 10. Qe2 Qb6 11. Rd1 Na5 12. Nbd2 Bd7 13. exd6 Bxd6 14. Ne5 Ba4 15. Re1 Qxd4 16. Ndf3 Qb6 17. b4 Nxc4 18. Nxc4 Qa6 19. Nxd6 Qxd6 20. Bb2 Nf4 21. Qe5 Qxe5 22. Nxe5 f6 23. g3 Nd5 24. Nc4 e5 25. Nd6 b6 26. Rac1 Rfd8 27. Ne4 Rac8 28. Nc3 Nxc3 29. Rxc3 Rxc3 30. Bxc3 Kf7 31. Rc1 Ke6 32. Kf1 Rd3 33. Ke2 Bb5 34. Ke1 Kd5 35. Rd1 Kc4 36. Rxd3 Kxd3 37. Bd2 Kc2 38. f4 e4 39. Be3 Kb2 40. Kd2 Kxa3 41. Kc3 Bd3 42. g4 Ka4 43. h4 a5 44. Bxb6 axb4+ 45. Kb2 Kb5 46. Be3 Kc4 47. g5 f5 48. Bb6 Be2 49. Kc2 b3+ 50. Kc1 Kd3 51. Bc5 e3 52. Bb6 Bf3 53. Bc5 Kc3 0-1